LEADER 01459nam--2200433---450- 001 990000442990203316 005 20051024084736.0 010 $a88-221-0276-2 035 $a0044299 035 $aUSA010044299 035 $a(ALEPH)000044299USA01 035 $a0044299 100 $a20010514h19861994km-y0itay0103----ba 101 $aita 102 $aITA 105 $a||||||||001yy 200 1 $a<> matematica$edella scuola dell'infanzia alla scuola elementare$edai giochi protomatematici alla metematica del primo ciclo$fMaria Luisa Caldelli, Bruno D'Amore 210 $aScandicci$cLa nuova Italia$d1986$h1994 215 $aVIII, 112 p.$cill.$d21 cm 225 2 $aDidattica viva$v102 410 $12001$aDidattica viva$v102 461 1$1001-------$12001 606 0 $aMatematica$xInsegnamento$yScuola elamentare 676 $a372.73044 700 1$aCALDELLI,$bMaria Luisa$0155585 701 1$aD'AMORE,$bBruno$f<1946- > $046064 801 0$aIT$bsalbc$gISBD 912 $a990000442990203316 951 $aII.4. Coll.38/ 78(VI ps C COLL 9/102)$b146105 LM$cVI ps C COLL 9 959 $aBK 969 $aUMA 979 $aPATTY$b90$c20010514$lUSA01$h1036 979 $c20020403$lUSA01$h1652 979 $aPATRY$b90$c20040406$lUSA01$h1631 979 $aPAOLA$b90$c20041102$lUSA01$h1137 979 $aCOPAT5$b90$c20051024$lUSA01$h0847 979 $aANNAMARIA$b90$c20120105$lUSA01$h0954 996 $aMatematica$9890343 997 $aUNISA LEADER 01120nam a2200277 i 4500 001 991000899429707536 005 20020502180757.0 008 941025s1991 it ||| | ita 020 $a883175498X 035 $ab11433991-39ule_inst 035 $aPRUMB51132$9ExL 040 $aScuola per assistenti sociali$bita 100 1 $aSartori, Paola$0526416 245 10$aAdulto e bambino :$buna relazione per crescere :$besperienze e riflessioni sulla prevenzione al disagio minorile /$ca cura di Paola Sartori e Paola Scalari 250 $a1. ed 260 $aVenezia :$bMarsilio,$cc1991 300 $aVII, 163 p. ;$c21 cm. 490 0 $aRicerche 650 4$aMinori$xDisagio$xPrevenzione 907 $a.b11433991$b01-03-17$c01-07-02 912 $a991000899429707536 945 $aLE024 PS EV II 4$g1$i2021000158384$lle021$nex DUSS$o-$pE0.00$q-$rl$s- $t0$u2$v1$w2$x0$y.i11618309$z01-07-02 945 $aLE021 DI1BISB57$g1$i2021000162008$lle021$og$pE0.00$q-$rl$s- $t0$u5$v1$w5$x0$y.i15024076$z09-11-09 996 $aAdulto e bambino$9818674 997 $aUNISALENTO 998 $ale021$b01-01-94$cm$da $e-$fita$git $h0$i1 LEADER 02629nam0 2200505 i 450 001 CFI0037542 005 20251003044113.0 020 $aIT$b87-7388 100 $a19940906d1986 ||||0itac50 ba 101 | $aita 102 $ait 181 1$6z01$ai $bxxxe 182 1$6z01$an 183 1$6z01$anc$2RDAcarrier 200 1 $aRapporto sulla situazione e sulle prospettive della scienza e della tecnologia in Italia$fComitato per la scienza e la tecnologia 210 $a\Roma!$cPresidenza del Consiglio dei ministri-Direzione generale delle informazioni dell'editoria e della proprietà letteraria artistica e scientifica$d1986 215 $a356 p.$cill.$d24 cm. 225 | $aSocietà e istituzioni 410 0$1001CFI0030177$12001 $aSocietà e istituzioni 606 $aTECNOLOGIA$xItalia$xCongressi$x1992$2FIR$3NAPC011320$9I 606 $aScienze$xItalia$2FIR$3SBLC130225$9I 676 $a338.945$9SVILUPPO ECONOMICO. Italia$v21 676 $a338.945$9SVILUPPO E CRESCITA ECONOMICA. Italia$v23 676 $a507.045$9STUDIO RICERCA E INSEGNAMENTO DELLE SCIENZE PURE IN ITALIA$v20 676 $a600$9Tecnologia (Scienze applicate)$v20 696 $aConvegni$aCongressi e convegni 696 $aApplicazioni scientifiche$aScienze pure$aScienza$aScienze matematiche, fisiche e naturali$aScienze fisico-matematiche 699 $aCongressi$yConvegni 699 $aCongressi$yCongressi e convegni 699 $aScienze$yApplicazioni scientifiche 699 $aScienze$zScienze pure 699 $aScienze$yScienza 699 $aScienze$zScienze matematiche, fisiche e naturali 699 $aScienze$yScienze fisico-matematiche 710 02$aComitato per la scienza e la tecnologia$3CFIV023020$4070$0441372 801 3$aIT$bIT-000000$c19940906 850 $aIT-BN0095 $aIT-SA0075 $aIT-NA0079 901 $bNAP BN$cMAGAZZINO $nmagazzini correnti divisi per anni 901 $bNAP 01$cPOZZO LIB.$nVi sono collocati fondi di economia, periodici di ingegneria e scienze, periodici di economia e statistica e altri fondi comprendenti documenti di economia pervenuti in dono. 901 $bNAP 33$cF. MODERNO$nComprende materiale librario dal 2. Dopoguerra in poi 912 $aCFI0037542 950 0$aBiblioteca Centralizzata di Ateneo$c1 v.$d 01POZZO LIB.F. SANTI 760$e 0101 0060031265E VMA 1 v. (Precedente collocazione S 148)$fB $h20230421$i20230421 977 $a 01$a 33$a BN 996 $aRapporto sulla situazione e sulle prospettive della scienza e della tecnologia in Italia$981318 997 $aUNISANNIO